[Event "76th GEO-ch Women 2019"]
[Site "Tbilisi"]
[Date "2019.03.28"]
[Round "9.3"]
[White "Tsatsalashvili, Keti"]
[Black "Gvetadze, Sofio"]
[Result "1-0"]
[WhiteElo "2326"]
[BlackElo "2321"]
[Annotator "NA"]
[PlyCount "131"]
[EventDate "2019.03.19"]
[EventType "swiss"]
[EventCountry "GEO"]
[SourceTitle "playchess.com"]
[Source "ChessBase"]
[SourceQuality "1"]
[TimeControl "40/5400+30:1800+30"]

{[%evp 8,81,24,20,18,28,10,25,14,21,21,27,30,29,32,27,32,15,18,0,17,18,17,9,12,21,16,14,16,14,21,9,22,24,45,43,55,45,52,62,70,63,78,69,75,62,72,63,68,70,73,67,65,70,73,71,68,76,81,32767,60,64,66,63,75,64,85,61,81,84,95,78,77,72,85,79]} 1. d4 {[%emt 0:00:00]} Nf6 {[%emt 0:00:00]} 2. c4 {[%emt 0:00:00]} e6 {[%emt 0:00:00]} 3. Nf3 {[%emt 0:00:00]} d5 {[%emt 0:00:13]} 4. Nc3 {[%emt 0:00:12]} Nbd7 {[%emt 0:00:55]} 5. cxd5 {[%emt 0:01:37]} exd5 {[%emt 0:00:05]} 6. Bg5 {[%emt 0:00:34]} c6 {[%emt 0:00:08]} 7. e3 {[%emt 0:00:27]} Bd6 {[%emt 0:00:16]} 8. Bd3 {[%emt 0:00:42]} O-O {[%emt 0:00:17]} 9. Qc2 {[%emt 0:00:45]} h6 {[%emt 0:01:26]} 10. Bh4 {[%emt 0:00:10]} Re8 {[%emt 0:02:51]} 11. O-O {[%emt 0:01:05]} Nf8 {[%emt 0:00:17]} 12. Rfe1 {[%emt 0:01:57] D36: Queen's Gambit Declined: Exchange Variation: Main line (5 Bg5 c6 6 Qc2)} (12. Rae1 Bg4 13. Nd2 Be6 14. f4 Be7 15. Nf3 Ne4 16. Bxe7 Qxe7 17. Bxe4 dxe4 18. Qxe4 Qb4 19. Qc2 Bc4 {1-0 (44) Bareev,E (2729)-Ljubojevic,L (2570) Monte Carlo 2003}) 12... Bg4 {[%emt 0:07:39]} 13. Nd2 {[%emt 0:03:41]} Be6 {[%emt 0:12:33]} 14. Nf1 {[%emt 0:04:01]} Rc8 {[%emt 0:00:42]} 15. Bg3 $146 {[%emt 0:03:51]} ({Predecessor:} 15. Rad1 Be7 16. a3 Bg4 17. f3 Bh5 18. Ng3 Bg6 19. Nf5 Bxf5 20. Bxf5 {½-½ (57) Larsen,S (2310)-Rorvik,J (2162) Copenhagen 2003}) 15... c5 {[%emt 0:02:58]} 16. Bxd6 {[%emt 0:01:07]} Qxd6 {[%emt 0:00:05]} 17. dxc5 {[%emt 0:00:37]} Qxc5 {[%emt 0:04:45]} 18. Rad1 {[%emt 0:03:49]} N8d7 {[%emt 0:10:49]} 19. Ng3 {[%emt 0:05:55]} Ne5 {[%emt 0:05:16]} 20. Qb1 {[%emt 0:03:55]} Nc4 {[%emt 0:01:35]} 21. Bxc4 {[%emt 0:00:38]} Qxc4 {[%emt 0:02:14]} 22. Rd4 {[%emt 0:01:21]} Qc5 {[%emt 0:00:06]} 23. Nge2 {[%emt 0:04:02]} Rcd8 {[%emt 0:25:38]} 24. h3 {[%emt 0:10:17]} Rd7 {[%emt 0:01:05]} 25. Red1 {[%emt 0:00:20]} Red8 {[%emt 0:00:15]} 26. Nf4 {[%emt 0:01:06]} Qc6 {[%emt 0:00:12]} 27. a3 {[%emt 0:02:07]} Qb6 {[%emt 0:02:07]} 28. Qc2 {[%emt 0:03:03]} Qc6 {[%emt 0:01:07]} 29. Qa4 {[%emt 0:01:44]} Qxa4 {[%emt 0:00:22]} 30. Rxa4 {[%emt 0:01:50]} a6 {[%emt 0:01:37]} 31. Rad4 {[%emt 0:00:27]} Kf8 {[%emt 0:00:19]} 32. f3 {[%emt 0:03:32]} Ke7 {[%emt 0:00:56]} 33. g4 {[%emt 0:00:49]} g5 {[%emt 0:02:12]} 34. Nd3 {[%emt 0:01:32]} h5 {[%emt 0:00:43]} 35. Kg2 {[%emt 0:01:46]} hxg4 {[%emt 0:00:19]} 36. hxg4 {[%emt 0:00:34]} Rc8 {[%emt 0:03:43]} 37. Nb4 {[%emt 0:04:40]} Rcd8 {[%emt 0:00:19]} 38. Kg3 {[%emt 0:00:12]} Rd6 {[%emt 0:00:33]} 39. R1d2 {[%emt 0:01:44]} R6d7 {[%emt 0:01:01]} 40. Nd3 {[%emt 0:00:00]} Rh8 {[%emt 0:00:00]} 41. Nf2 $16 {[%emt 0:01:47]} Rh4 {[%emt 0:13:14]} 42. Nh3 {[%emt 0:07:20]} Rd8 {[%emt 0:00:12]} 43. Nxg5 {[%emt 0:03:05]} Rdh8 {[%emt 0:00:11]} 44. Rg2 {[%emt 0:01:01]} Rh1 {[%emt 0:00:19]} 45. Rdd2 {[%emt 0:01:41]} Rc8 {[%emt 0:04:13]} 46. Rh2 {[%emt 0:06:01]} Rxh2 {[%emt 0:00:04]} 47. Kxh2 {[%emt 0:00:30]} Rc5 {[%emt 0:00:16]} 48. Nh3 {[%emt 0:00:23]} Nd7 {[%emt 0:00:23]} 49. Nf4 {[%emt 0:02:43]} Nb6 {[%emt 0:00:04]} 50. Kg3 {[%emt 0:02:36]} Kf6 {[%emt 0:01:04]} 51. e4 {[%emt 0:02:40]} Nc4 {[%emt 0:00:04]} 52. Ncxd5+ {[%emt 0:00:28]} Kg7 {[%emt 0:00:02]} 53. Rc2 {[%emt 0:01:28]} Rc6 {[%emt 0:00:05]} 54. Ne7 {[%emt 0:05:13]} Rc7 {[%emt 0:00:34]} 55. Nfd5 {[%emt 0:02:14]} Bxd5 {[%emt 0:00:18]} 56. Nxd5 {[%emt 0:00:04]} Rc6 {[%emt 0:00:04]} 57. Nb4 {[%emt 0:01:11]} Rc8 {[%emt 0:00:12]} 58. b3 {[%emt 0:00:28]} Nd6 {[%emt 0:00:04]} 59. Rxc8 {[%emt 0:00:08]} Nxc8 {[%emt 0:00:05]} 60. e5 {[%emt 0:00:38]} Nb6 {[%emt 0:00:03]} 61. Kf4 {[%emt 0:00:59]} Nd7 {[%emt 0:00:07]} 62. Nd3 {[%emt 0:00:15]} Kg6 {[%emt 0:00:29]} 63. Ke4 {[%emt 0:00:55]} Kg5 {[%emt 0:00:09]} 64. Kd5 {[%emt 0:00:30]} Kh4 {[%emt 0:00:04]} 65. Kd6 {[%emt 0:00:13]} Nb6 {[%emt 0:00:08]} 66. Ke7 {[%emt 0:00:18]} 1-0

[Event "76th GEO-ch Women 2019"]
[Site "Tbilisi"]
[Date "2019.03.28"]
[Round "9.4"]
[White "Esadze, Tamari"]
[Black "Tsereteli, Tamar"]
[Result "1/2-1/2"]
[WhiteElo "2078"]
[BlackElo "2315"]
[Annotator "TA"]
[PlyCount "58"]
[EventDate "2019.03.19"]
[EventType "swiss"]
[EventCountry "GEO"]
[SourceTitle "playchess.com"]
[Source "ChessBase"]
[SourceQuality "1"]

{[%evp 28,58,19,6,32,7,6,5,5,6,16,13,16,4,11,0,0,0,0,0,66,64,76,32,41,30,52,0,40,0,62,0,48]} 1. e4 c5 2. Nf3 Nc6 3. d4 cxd4 4. Nxd4 Nf6 5. Nc3 e5 6. Ndb5 d6 7. Bg5 a6 8. Na3 b5 9. Nd5 Be7 10. Bxf6 Bxf6 11. c3 Bg5 12. Nc2 Rb8 13. a4 bxa4 14. Ncb4 Bd7 15. Bxa6 Nxb4 {B33: Sicilian: Pelikan and Sveshnikov Variations} 16. Nxb4 Qa5 {And now ...Rxb4 would win.} 17. Qxd6 Rb6 18. Qd3 $1 Be7 19. Nd5 {Hoping for b4.} Rxb2 ({Don't go for} 19... Rxa6 $2 {[#]} 20. Qxa6 $1 {[%mdl 512]} Qxa6 21. Nc7+ Kf8 22. Nxa6 $18) 20. O-O {Threatening Qg3.} ({But not} 20. Nxe7 Kxe7 21. Bc4 (21. O-O-O Rhb8 $17) 21... Rd8 $17) 20... Qc5 21. c4 {Black must now prevent Qg3.} O-O {[#]} (21... Rb3 22. Qe2 Bd6 23. Bb5 Bxb5 24. cxb5 Qxb5 {½-½ (34) Dominguez Perez,L (2734)-Grischuk,A (2780) Khanty-Mansiysk 2015}) 22. Bb5 $1 {[%mdl 512]} Bxb5 23. cxb5 Ra8 $146 (23... Bd6 $11) 24. Rac1 $36 {[%mdl 2048] White is pushing.} Qa3 25. Rc3 Qd6 26. Rc6 Qa3 27. Rc3 Qd6 28. Rc6 Qa3 29. Rc3 (29. Qc4 $5 {[%cal Rc6a6]}) 29... Qd6 {Accuracy: White = 58%, Black = 70%.} 1/2-1/2

[Event "76th GEO-ch Women 2019"]
[Site "Tbilisi"]
[Date "2019.03.28"]
[Round "9.5"]
[White "Vakhania, Aleksandra"]
[Black "Khukhashvili, Sopiko"]
[Result "0-1"]
[WhiteElo "2175"]
[BlackElo "2342"]
[Annotator "TA"]
[PlyCount "74"]
[EventDate "2019.03.19"]
[EventType "swiss"]
[EventCountry "GEO"]
[SourceTitle "playchess.com"]
[Source "ChessBase"]
[SourceQuality "1"]

{[%evp 14,73,43,38,58,58,61,43,47,29,54,45,63,46,71,17,65,53,43,48,43,0,27,29,23,7,54,0,0,0,0,-2,-1,-47,-16,-35,89,103,100,72,80,22,84,82,98,0,0,-388,-387,-528,-449,-737,-737,-729,-717,-697,-625,-29984,-29985,-29985,-29986,-29999]} 1. Nf3 d6 2. d4 Nf6 3. g3 Nbd7 4. Bg2 e5 5. O-O c6 6. c4 Be7 7. Nc3 O-O 8. e4 a5 {A55: Old Indian Defence with Nf3 and e4} (8... a6 9. a4 a5 10. h3 Re8 11. Be3 exd4 12. Nxd4 Nc5 13. Qc2 Bf8 14. Rad1 Qb6 15. g4 g6 16. g5 Nh5 17. f4 Be6 18. Nxe6 Rxe6 19. Qf2 f5 20. gxf6 Rxf6 21. f5 {½-½ (29) Sorokin,A (2522)-Khismatullin,D (2617) St Petersburg 2018}) 9. b3 Re8 10. Bb2 Bf8 {White is slightly better.} 11. Re1 Qc7 12. h3 exd4 13. Nxd4 Nc5 14. a3 (14. Qd2 $16) 14... Qb6 15. Qc2 $146 ({Predecessor:} 15. Rb1 Nfd7 16. Bc1 Ne5 17. Be3 Qc7 {1-0 (41) Nitin,S (2417)-Fakhiridou,E (2196) Kavala 2012}) 15... g6 16. Rad1 Bg7 17. Na2 Nfd7 18. Nc1 h5 19. Nf3 (19. Bc3 {feels hotter.} Nf6 20. f3 h4 21. g4 Nfd7 22. Kh1) 19... Ne5 20. Rxd6 ({White should try} 20. Nh4 $1 $14) 20... Nxf3+ $11 21. Bxf3 Bxb2 22. Qxb2 Bxh3 23. b4 axb4 24. axb4 Bg4 (24... Rad8 $15 25. Rxd8 Rxd8) 25. Bxg4 $16 hxg4 26. e5 Ne6 {[%cal Bc5e6,Be6d4,Bd4f5][%mdl 32]} 27. Qd2 (27. Kg2 $16) 27... Ra4 (27... Qa6 $11) 28. Nd3 {Strongly threatening Kg2.} Nd4 {[#]} 29. Qh6 (29. Kf1 $1 $16 Nf3 {[#]} 30. Qh6 $1 {[%mdl 512]}) 29... Nf5 $1 $36 {[%cal Rf5h6][%mdl 2048] Black has the initiative.} 30. Qf4 $2 {[%mdl 8192]} (30. Qd2 $11 {and White is okay.} Nxd6 31. exd6 Rxe1+ 32. Qxe1) 30... Nxd6 $19 31. c5 Qb5 32. e6 (32. exd6 $142 Rxe1+ 33. Nxe1 Qxb4 34. Qe3) 32... Qxd3 ({Less strong is} 32... Nf5 33. exf7+ Kxf7 34. Qc7+ Re7 35. Rxe7+ Nxe7 36. Qd6 $17) 33. exf7+ Nxf7 34. Rxe8+ Kg7 {( -> ...Ra1+)} 35. Re6 {intending Qf6+.} Ra1+ {Black mates.} 36. Kh2 Qb1 {[%csl Ga1][%cal Rb1h1]} 37. Qe4 Qg1# {Accuracy: White = 28%, Black = 38%.} 0-1

[Event "76th GEO-ch Women 2019"]
[Site "Tbilisi"]
[Date "2019.03.28"]
[Round "9.6"]
[White "Arabidze, Meri"]
[Black "Mikadze, Miranda"]
[Result "1-0"]
[WhiteElo "2392"]
[BlackElo "2266"]
[Annotator "TA"]
[PlyCount "56"]
[EventDate "2019.03.19"]
[EventType "swiss"]
[EventCountry "GEO"]
[SourceTitle "playchess.com"]
[Source "ChessBase"]
[SourceQuality "1"]

{[%evp 17,56,28,26,-18,66,47,47,41,96,91,87,97,111,99,164,158,207,207,249,242,245,186,314,326,307,302,281,240,523,525,632,619,614,621,746,734,1000,995,1100,1096,1204]} 1. d4 d5 2. c4 c6 3. Nc3 Nf6 4. e3 a6 5. Qc2 dxc4 (5... e6 6. Nf3 c5 7. cxd5 exd5 8. Be2 Nc6 9. O-O Be6 10. Ne5 Qc7 11. Nxc6 bxc6 12. e4 dxe4 13. Nxe4 Nxe4 14. Qxe4 Bd6 15. Bf3 O-O 16. Qxc6 Bxh2+ {1-0 (60) Mamedyarov,S (2817)-Shankland,S (2724) Germany 2019}) 6. Bxc4 {D10: Slav Defence: 3 cxd5 (without early Nf3) and 3 Nc3} b5 7. Bd3 Bb7 8. Nf3 Nbd7 9. O-O e6 {LiveBook: 4 Games} 10. e4 h6 (10... c5 $11) 11. Qe2 c5 $146 ({Predecessor:} 11... b4 12. Nd1 Be7 13. Ne3 c5 14. d5 exd5 15. exd5 Nxd5 16. Nxd5 Bxd5 17. Re1 {0-1 (37) Agababean,N-Semenova,L Riga 1975}) 12. d5 {[#] Hoping for dxe6.} c4 (12... Bd6 $1 $14) 13. Bc2 $16 {aiming for dxe6.} e5 14. a4 {[%cal Ba2a4,Ba4a5][%mdl 32]} b4 15. Nd1 Rc8 (15... b3 $16 {is a better defense.}) 16. Ne3 Qc7 {[#]} 17. a5 $1 g6 18. Nd2 c3 19. Ndc4 b3 (19... cxb2 $142 20. Bxb2 Bc5) 20. Bxb3 $18 Nxe4 21. Ba4 Nec5 22. Bc2 ({Much less strong is} 22. bxc3 $6 Nxa4 23. Rxa4 Bc5 $18) 22... Bg7 $2 (22... e4 23. bxc3 Bg7) 23. b4 {White is clearly winning.} O-O 24. bxc5 Nxc5 25. Ba3 f5 26. Nb6 Rcd8 27. Qc4 f4 28. Bxc5 fxe3 {Precision: White = 71%, Black = 15%.} 1-0

[Event "76th GEO-ch Women 2019"]
[Site "Tbilisi"]
[Date "2019.03.29"]
[Round "10.1"]
[White "Melia, Salome"]
[Black "Mikadze, Miranda"]
[Result "1-0"]
[WhiteElo "2385"]
[BlackElo "2266"]
[Annotator "NA"]
[PlyCount "103"]
[EventDate "2019.03.19"]
[EventType "swiss"]
[EventCountry "GEO"]
[SourceTitle "playchess.com"]
[Source "ChessBase"]
[SourceQuality "1"]
[TimeControl "40/5400+30:1800+30"]

1. e4 {[%emt 0:00:00]} d5 {[%emt 0:00:00]} 2. exd5 {[%emt 0:00:00]} Qxd5 {[%emt 0:00:00]} 3. Nc3 {[%emt 0:00:00]} Qd6 {[%emt 0:00:00]} 4. d4 {[%emt 0:00:14]} Nf6 {[%emt 0:00:00]} 5. Nf3 {[%emt 0:00:06]} c6 {[%emt 0:00:00]} 6. Ne5 {[%emt 0:00:41]} Nbd7 {[%emt 0:00:33] B01: Scandinavian Defence} 7. Nc4 {[%emt 0:00:07]} Qc7 {[%emt 0:00:02]} 8. Qf3 {[%emt 0:00:13]} Nb6 {[%emt 0:00:17]} 9. Bf4 {[%emt 0:00:10]} Qd8 {[%emt 0:00:03]} 10. Be5 {[%emt 0:08:04]} Bg4 {[%emt 0:06:56]} 11. Qe3 $146 {[%emt 0:17:04]} ({Predecessor:} 11. Qg3 h5 12. f3 Be6 13. Ne3 Nbd5 14. Ncxd5 Nxd5 15. Nxd5 Qxd5 {½-½ (26) Grischuk,A (2719)-Tiviakov,S (2669) Sochi 2006}) 11... Nbd5 {[%emt 0:10:32]} 12. Nxd5 {[%emt 0:00:45]} Qxd5 {[%emt 0:03:04]} (12... Nxd5 $14 13. Qd2 f6) 13. f3 {[%emt 0:06:04]} Bf5 {[%emt 0:09:32]} 14. Qb3 {[%emt 0:04:44]} b6 {[%emt 0:04:56]} 15. Ne3 {[%emt 0:01:33]} Qxb3 {[%emt 0:00:30]} 16. axb3 {[%emt 0:00:39]} Bc8 {[%emt 0:00:18]} 17. c3 {[%emt 0:06:41]} Kd7 {[%emt 0:15:53]} 18. b4 {[%emt 0:02:49]} e6 {[%emt 0:06:40]} 19. Nc4 {[%emt 0:03:30]} Bb7 {[%emt 0:00:08]} 20. Bg3 {[%emt 0:07:05]} b5 {[%emt 0:05:14]} 21. Ne5+ {[%emt 0:05:14]} Ke8 {[%emt 0:00:05]} 22. Nd3 {[%emt 0:04:08]} Nh5 {[%emt 0:05:13]} 23. Be2 {[%emt 0:01:16]} Nxg3 {[%emt 0:00:44]} 24. hxg3 {[%emt 0:00:03]} Bd6 {[%emt 0:00:05]} 25. f4 {[%emt 0:00:42]} h6 {[%emt 0:04:14]} 26. Kf2 {[%emt 0:01:10]} Kd8 {[%emt 0:02:46]} 27. Bf3 {[%emt 0:00:18]} Kc7 {[%emt 0:00:07]} 28. Ne5 {[%emt 0:08:24]} Rhf8 {[%emt 0:02:47]} 29. Rh5 {[%emt 0:00:42]} a6 {[%emt 0:02:01]} 30. Nd3 {[%emt 0:00:56]} Rad8 {[%emt 0:04:32]} 31. g4 {[%emt 0:01:35]} Kb6 {[%emt 0:03:55]} 32. g3 $14 {[%emt 0:03:50]} Bc8 {[%emt 0:06:51]} 33. Nc5 {[%emt 0:02:30]} Rfe8 {[%emt 0:01:38]} 34. Rah1 {[%emt 0:02:50]} f6 {[%emt 0:04:42]} 35. Nd3 {[%emt 0:05:29]} e5 {[%emt 0:01:12]} 36. fxe5 {[%emt 0:07:50]} g6 {[%emt 0:00:01]} 37. Rxh6 {[%emt 0:00:12]} fxe5 {[%emt 0:00:01]} 38. Re1 {[%emt 0:00:49]} exd4 {[%emt 0:00:09]} 39. Rxe8 {[%emt 0:00:15]} Rxe8 {[%emt 0:00:04]} 40. Rxg6 {[%emt 0:00:00]} Rd8 {[%emt 0:00:00]} 41. cxd4 {[%emt 0:03:22]} Bb7 {[%emt 0:02:44]} 42. Nc5 {[%emt 0:04:44]} Ba8 {[%emt 0:00:04]} 43. Rg7 {[%emt 0:12:11]} a5 {[%emt 0:00:24]} 44. bxa5+ {[%emt 0:00:04]} Kxa5 {[%emt 0:00:06]} 45. Rd7 {[%emt 0:01:49]} Rxd7 {[%emt 0:00:19]} 46. Nxd7 {[%emt 0:00:02]} Be7 {[%emt 0:01:36]} 47. Ne5 {[%emt 0:01:39]} Ka4 {[%emt 0:02:22]} 48. Bxc6 {[%emt 0:01:29]} Bxc6 {[%emt 0:00:07]} 49. Nxc6 {[%emt 0:00:04]} Bf6 {[%emt 0:00:38]} 50. b4 {[%emt 0:02:06]} Kb3 {[%emt 0:00:51]} 51. Ke3 {[%emt 0:00:16]} Kc4 {[%emt 0:00:02]} 52. Ke4 {[%emt 0:00:07] Kd5+} 1-0

[Event "76th GEO-ch Women 2019"]
[Site "Tbilisi"]
[Date "2019.03.29"]
[Round "10.3"]
[White "Tsereteli, Tamar"]
[Black "Vakhania, Aleksandra"]
[Result "0-1"]
[WhiteElo "2315"]
[BlackElo "2175"]
[Annotator "TA"]
[PlyCount "48"]
[EventDate "2019.03.19"]
[EventType "swiss"]
[EventCountry "GEO"]
[SourceTitle "playchess.com"]
[Source "ChessBase"]
[SourceQuality "1"]

{[%evp 11,48,31,47,0,0,0,0,-85,-83,-83,-80,-110,-56,-52,-60,-95,-87,-206,-201,-431,-414,-434,-433,-853,-851,-846,-836,-838,-831,-1810,-936,-1443,-1393,-1407,-1627,-1410,-1043,-1225,-1225]} 1. e4 g6 2. d4 Bg7 3. c4 d6 4. Nc3 Nc6 5. Be3 Nf6 6. Be2 O-O 7. h3 {E73: King's Indian: Averbakh Variation without 6...c5} (7. Nf3 e5 8. d5 Nb8 9. h3 a5 10. g4 Na6 11. Nd2 Nd7 12. h4 f5 13. gxf5 gxf5 14. exf5 Ndc5 15. Nde4 Bxf5 16. Ng3 Qd7 {0-1 (55) Riazantsev,A (2649)-Kovalenko,I (2657) St Petersburg 2018}) 7... e5 8. d5 Nd4 9. Bxd4 (9. Nf3 $11) 9... exd4 $17 10. Qxd4 {[#]} Re8 $1 {Strongly threatening ...Nxe4.} 11. Qd3 Nd7 (11... Qe7 $17 {[%cal Rf6e4]} 12. O-O-O Nd7) 12. Nf3 $146 ({Predecessor:} 12. Na4 Qh4 13. Nf3 Qxe4 14. Qxe4 Rxe4 {0-1 (48) Heys,W-Han,L IECG email 1997}) 12... Nc5 $36 {[%mdl 2048] Black has the initiative.} 13. Qc2 {[#]} f5 $1 {[%cal Rf5e4]} 14. O-O-O (14. O-O $17) 14... fxe4 $19 15. Nd2 $2 (15. Nd4) 15... e3 16. Nde4 Bxc3 {Black is clearly winning.} 17. Nxc3 (17. Nxc5 $142 Bd2+ 18. Kb1 dxc5 19. g4) 17... Bf5 18. Bd3 Nxd3+ 19. Rxd3 exf2 20. Rhd1 Bxd3 21. Qxd3 Qg5+ 22. Kc2 Re1 23. Ne4 Qf5 24. Nxf2 Qxf2+ {Accuracy: White = 15%, Black = 76%.} 0-1

[Event "76th GEO-ch Women 2019"]
[Site "Tbilisi"]
[Date "2019.03.29"]
[Round "10.4"]
[White "Gvetadze, Sofio"]
[Black "Esadze, Tamari"]
[Result "1-0"]
[WhiteElo "2321"]
[BlackElo "2078"]
[Annotator "TA"]
[PlyCount "79"]
[EventDate "2019.03.19"]
[EventType "swiss"]
[EventCountry "GEO"]
[SourceTitle "playchess.com"]
[Source "ChessBase"]
[SourceQuality "1"]

{[%evp 13,79,15,24,8,11,2,12,6,24,8,7,0,14,11,31,36,70,75,73,70,75,76,75,72,101,86,87,90,101,100,130,100,132,132,135,134,135,134,134,134,134,134,134,127,127,127,135,135,128,134,134,134,134,136,135,129,223,217,246,237,1019,1043,1092,1094,1772,1687,3796,3657]} 1. e4 c5 2. Nf3 d6 3. d4 cxd4 4. Nxd4 Nf6 5. f3 e5 6. Nb3 Be6 7. c4 Be7 ({Reject} 7... Nxe4 $6 8. fxe4 Qh4+ 9. Kd2 $16) 8. Be3 {B55: Sicilian: 2...d6 3 d4 cxd4 4 Nxd4 Nf6 5 f3} O-O 9. Be2 Nc6 (9... Nbd7 10. O-O Rc8 11. Na3 a6 12. Rc1 Ne8 13. Qd2 g6 14. Rfd1 Ng7 15. Nb1 Kh8 {1-0 (39) Cruz,C (2561)-Yermolinsky,A (2506) Arica 2018}) 10. O-O {The position is equal.} Nh5 11. Qd2 $146 ({Predecessor:} 11. Nc3 Bg5 12. Bf2 Nf4 13. Re1 Qf6 14. Bf1 Qg6 15. Kh1 Rfd8 {0-1 (37) Rumiantseva,K (1985)-Lyashchov,V Nevinnomyssk 2011}) 11... Nf4 12. Nc3 Nxe2+ 13. Qxe2 Rc8 14. Rfd1 Na5 15. Nxa5 Qxa5 16. Nd5 Bxd5 17. Rxd5 Qc7 18. b3 Rfd8 19. Rad1 b6 20. Qd3 Qb8 21. f4 f6 22. Qe2 Rc7 23. f5 Bf8 24. Qh5 Qc8 25. R1d3 Qd7 26. Qh4 Qe8 27. a4 Rb8 28. h3 Kh8 29. Rd1 Kg8 30. Kh2 Qf7 31. Qf2 Be7 32. Bc1 Qf8 33. Ba3 Rd8 34. Qd2 Rcd7 {[#]} (34... Rc6 $16 35. a5 Rb8) 35. b4 $1 $18 {[%cal Bb3b4,Bb4b5][%mdl 32]} Qf7 36. c5 Qh5 $2 (36... bxc5 37. bxc5 Qe8) 37. c6 {White is clearly winning.} Rc7 38. b5 Qh4 39. Bxd6 Bxd6 40. Rxd6 {Accuracy: White = 79%, Black = 26%.} 1-0